00529nam a2200157 a 450008200150000010000220001524500460003726000660008330000100014950000350015950500170019465000350021194200070024695201010025399900170035400a954.61 YEP aRajkumar, Vincent aSocial Reality of the North East Migrants aBangalore bChristian Instt. for the Study of Religion c2014 a145p  aincludes index and biblioraphy2 aBibliography aNortheast-India Social Problem cBK 00104070aHMIbHMId2005-01-01g150.00l0o954.61 YEP C1p11002751r2005-01-01w2026-01-16yBK c19577d19577